000 00387nam a2200109Ia 4500
008 160909s9999 xx 000 0 und d
100 _aWeaver, Michael
245 _aTransformational leadership among producers in the entertainment industry
260 _bPepperdine University.
_c2016
650 _aFINANCIAL MANAGEMENT
856 _uhttp://pqdtopen.proquest.com/doc/1807933808.html?FMT=ABS
999 _c304637
_d304637